1682 1415 1027 1703 1595 1504 1073 1582 1157 1164 1464 1208 1641 1945 1430 1235 1559 1421 1209 1818 1841 1367 1780 1700 1607 1945 1188 1835 1886 1853 1555 1428 1737 1699 1973 1750 1838 1727 1066 1554 1290 1745 1652 1308 1358 1854 1247 1027 1130 1930 1243 1916 1798 1699 1068 1537 1752 1838 1862 1941 1306 1133 1075 1538 1887 1308 1148 1211 1866 1809 1162 1292 1627 1316 1276 1709 1050 1136 1002 1331 1141 1019 1862 1235 1139 1661 1389 1215 1083 1505 1789 1942 1055 1965 1752 1948 1934 1183 1197 BCNSPRNW ULIB Ver.6.0+V

เปลี่ยนเป็นภาษาไทย

Change to English
 แสดงรายละเอียดบรรณานุกรม
  กลับหน้าหลัก

Brief Record : Get Marc (ISO 2709) : E-mail record : QR code < ปิดหน้าต่าง
LEADER : 00000nam 2200000uu 4500
001    13399119998
003     ULIB
008    120821s2555||||th 000 0 tha d
020    ^a9786165514576(ล.4)
060 04 ^aWL100^bณ259B ล.4
245 00 ^aBasic and clinical neuroscience 4 /^cบรรณาธิการ, ชัยภัทร ชุณหรัศมิ์, ณัฐ พสุธารชาติ, อรอุมา ชิติเนตร และนิจศรี ชาญณรงค์
250    ^aพิมพ์ครั้งที่ 1
260    ^aกรุงเทพฯ :^bสาขาวิชาประสาทวิทยา ภาควิชาอายุรศาสตร์คณะแพทยศาสตร์ จุฬาลงกรณ์มหาวิทยาลัย,^c2555
300    ^a464 หน้า :^bภาพประกอบ ;^c26 ซม.
650  7 ^aประสาทวิทยา
650  7 ^aประสาทวิทยาศาสตร์
700 0  ^aณัฐ พสุธารชาติ,^eบรรณาธิการ
700 0  ^aชัยภัทร ชุณหรัศมิ์,^eบรรณาธิการ
700 0  ^aอรอุมา ชุติเนตร,^eบรรณาธิการ
700 0  ^aนิจศรี ชาญณรงค์,^eบรรณาธิการ
710 2  ^aจุฬาลงกรณ์มหาวิทยาลัย. ^bคณะแพทยศาสตร์.^bภาควิชาอายุรศาสตร์. ^bสาขาวิชาประสาทวิทยา
945    ^p490^l0^i19295
995    ^aเกษร
999 ^a ใช้งานได้ทุกระบบ
รายการนี้ยังไม่มีแท็ก
คุณยังไม่ได้ล็อกอิน คุณสามารถมีกิจกรรมร่วมกับเว็บไซต์ได้ แต่ต้องล็อกอินก่อน ::
  ล็อกอิน

รายการสื่อสารสนเทศ

ลำดับที่ ประเภท เลขเรียก/บาร์โค้ด สถานที่ สถานะ
1. วิทยาศาสตร์การแพทย์ และสุขภาพ
วิทยาศาสตร์การแพทย์ และสุขภาพ
สถานะ=หนังสือเก่า
WL100 ณ259B ล.4 ฉ.1 
  Barcode: 19295
ห้องสมุดวิทยาเขตนครสวรรค์
►ส่วนจัดเก็บหนังสือเก่า นว.
บนชั้น
  ขอยืม

รายการใกล้เคียง
    หัวเรื่อง [ประสาทวิทยา]
    หัวเรื่อง [ประสาทวิทยาศาสตร์]

BibComment


ยังไม่เคยถูกคอมเมนท์

คอมเมนท์ทรัพยากรรายการนี้
  คอมเมนท์: Basic and clinic..


 Copyright 2026. Bcnsprnw @Library